000 00454nam a2200145Ia 4500
008 230917s9999||||xx |||||||||||||| ||und||
040 _e205030
_aMAIN
041 _aEnglish
082 _a891.431721 SV92K
100 _aशुक्ल, विनोद कुमार
245 0 _aकभी के बाद अभी
260 _aनई दिल्ली
_bराजकमल प्रकाशन
_c2012
300 _a115 पृ. p.
942 _cHN
999 _c172453
_d172453